[Event "Match"]
[Site "www.echecsemail.com"]
[Date "2018.08.16"]
[Round "1"]
[White "Apdash"]
[Black "Llord"]
[WhiteElo "2110"]
[BlackElo "1920"]
[Result "1-0"]
[Round "1"]
1.e4 e5
2.Ng1f3 Nb8c6
3.Bf1b5 a6
4.Bb5xc6 dxc6
5.d3 Bc8g4
6.O-O Ng8f6
7.Bc1g5 Bf8e7
8.h3 Bg4h5
9.Nb1d2 h6
10.Bg5xf6 Be7xf6
11.Qd1e2 Bf6g5
12.Ra1d1 O-O
13.g4 Bh5g6
14.Nf3xg5 Qd8xg5
15.Nd2f3 Qg5e7
16.Kh2 h5
17.Kg3 hxg4
18.hxg4 Ra8d8
19.Nf3h4 Qe7g5
20.f4 exf4
21.Rf1xf4 Rd8d6
22.Nh4f5 Bg6xf5
23.Rf4xf5 Qg5h6
24.Rf5h5 Qh6f6
25.Rd1h1 g6
26.e5 Qf6e6
27.Rh5h8 { resign }
1-0

[Event "Match"]
[Site "www.echecsemail.com"]
[Date "2018.08.16"]
[Round "1"]
[White "Hundegana"]
[Black "Apdash"]
[WhiteElo "2120"]
[BlackElo "1810"]
[Result "0-1"]
[Round "1"]
1.e4 c5
2.Bf1c4 e6
3.Ng1f3 Nb8c6
4.c3 d5
5.exd5 exd5
6.Bc4e2 Ng8f6
7.O-O Bf8d6
8.Rf1e1 O-O
9.Be2d3 Bc8g4
10.a3 c4
11.Bd3c2 Nc6e5
12.Re1e3 Qd8c7
13.h3 Ne5xf3
14.Re3xf3 Bg4xf3
15.Qd1xf3 Ra8e8
16.Kf1 Qc7e7
17.Qf3e3 Qe7xe3
18.dxe3 Nf6e4
19.Bc2xe4 Re8xe4
20.Nb1d2 Re4e6
21.Nd2f3 f6
22.Nf3d4 Re6e8
23.Nd4b5 Bd6c5
24.Ra1b1 a6
25.Nb5c7 Re8e5
26.f4 Re5h5
27.Nc7e6 Rf8c8
28.b4 cxb3
29.Rb1xb3 b5
30.Kf2 Kf7
31.Ne6xc5 Rc8xc5
32.Kg3 g5
33.fxg5 Rh5xg5
34.Kh2 Rg5e5
35.g4 h5
36.gxh5 Re5xh5
37.Kg3 Rc5c4
38.Bc1d2 Rc4h4
39.Kf3 Rh4xh3
40.Ke2 Rh3h2
41.Kd3 Ke6
42.a4 bxa4
43.Rb3a3 Rh5h4
44.Ra3a1 Rh2g2
45.Ra1a2 Rh4h2
46.Ra2c2 Ke5
47.c4 Rg2xd2
48.Rc2xd2 dxc4
49.Kc3 Rh2xd2
50.Kxd2 a3
51.Kc2 Ke4
52.Kc3 Kxe3
53.Kxc4 a2
54.Kb3 a1Q
55.Kb4 Qa1d4
56.Ka5 Qd4b2
57.Kxa6 Kd4
58.Ka7 Kc5
59.Ka8 Kc6
60.Ka7 Qb2b7
{ resign }
0-1

[Event "Tourn. n9872"]
[Site "www.echecsemail.com"]
[Date "2018.08.16"]
[Round "1"]
[White "Stepanpech"]
[Black "J1j6"]
[WhiteElo "2460"]
[BlackElo "2249"]
[Result "1-0"]
[Round "1"]
1.d4 e5
2.dxe5 c6
3.e4 Qd8a5
4.Nb1c3 Qa5xe5
5.Ng1f3 Qe5c7
6.Bf1c4 Bf8d6
7.O-O b5
8.e5 Bd6e7
9.Bc4b3 f6
10.Rf1e1 f5
11.Nf3g5 Be7xg5
12.Bc1xg5 Nb8a6
13.Nc3xb5 cxb5
14.Qd1d5 Ng8h6
15.e6 dxe6
16.Re1xe6 Bc8xe6
17.Qd5xe6 Kf8
18.Ra1e1 Nh6f7
19.Bg5e7 { resign }
1-0

[Event "Tourn. n9903"]
[Site "www.echecsemail.com"]
[Date "2018.08.16"]
[Round "1"]
[White "Bevittsmith"]
[Black "Apdash"]
[WhiteElo "2220"]
[BlackElo "2000"]
[Result "1/2-1/2"]
[Round "1"]
1.e4 e5
2.Ng1f3 Nb8c6
3.Bf1b5 Ng8e7
4.d4 exd4
5.O-O g6
6.Nf3xd4 Bf8g7
7.Bc1e3 Nc6xd4
8.Be3xd4 O-O
9.Bd4xg7 Kxg7
10.Qd1d4 Kg8
11.Nb1d2 c6
12.Bb5d3 d5
13.e5 Ne7f5
14.Qd4f4 f6
15.Rf1e1 fxe5
16.Qf4xe5 Qd8f6
17.Nd2f3 Qf6xe5
18.Re1xe5 Bc8d7
19.Ra1e1 Ra8e8
20.Re5xe8 Rf8xe8
21.Re1xe8 Bd7xe8
22.Nf3e5 Kg7
23.f4 Nf5d6
24.Kf2 c5
25.c3 b5
26.Kf3 { draw }
1/2-1/2

[Event "Tourn. n9822"]
[Site "www.echecsemail.com"]
[Date "2018.08.16"]
[Round "1"]
[White "Ditto"]
[Black "Iko"]
[WhiteElo "1820"]
[BlackElo "1720"]
[Result "0-1"]
[Round "1"]
1.e4 e5
2.Ng1f3 Nb8c6
3.Bf1b5 Ng8e7
4.d3 a6
5.Bb5a4 b5
6.Ba4b3 d6
7.Bc1g5 f6
8.Bg5e3 a5
9.a3 f5
10.exf5 Ne7xf5
11.Nf3g5 Nf5xe3
12.Bb3f7 Kd7
13.Bf7e6 Ke8
14.Be6f7 Ke7
15.fxe3 h6
16.Qd1h5 Bc8b7
17.O-O Ra8a6
18.Ng5e6 Qd8d7
19.Ne6xf8 Rh8xf8
20.Qh5g6 Kd8
21.Bf7e6 Rf8xf1
22.Kxf1 Qd7e7
23.Nb1d2 Qe7f6
24.Qg6xf6 gxf6
25.Kg1 Ke7
26.Be6d5 Nc6d8
27.Bd5g8 Ra6c6
28.Ra1f1 Rc6xc2
29.Nd2e4 Rc2xb2
30.Rf1xf6 Bb7xe4
31.Rf6xh6 Rb2xg2
32.Kf1 Rg2xg8
33.dxe4 Nd8f7
34.Rh6h7 b4
35.axb4 a4
36.Ke2 a3
37.Kd2 a2
38.Rh7h3 a1Q
39.Rh3h5 Rg8h8
40.Rh5f5 Rh8xh2
{ resign }
0-1

[Event "Match"]
[Site "www.echecsemail.com"]
[Date "2018.08.16"]
[Round "1"]
[White "J1j6"]
[Black "Kipik"]
[WhiteElo "1940"]
[BlackElo "2000"]
[Result "0-1"]
[Round "1"]
1.e4 c5
2.c4 Nb8c6
3.Ng1f3 e5
4.Nb1c3 g6
5.Nc3d5 Bf8g7
6.a3 a5
7.Qd1c2 Ng8e7
8.Nd5xe7 Qd8xe7
9.b3 d6
10.d3 Bc8g4
11.Bc1g5 f6
12.Bg5e3 Bg4xf3
13.gxf3 f5
14.exf5 gxf5
15.O-O-O f4
16.Be3d2 Nc6d4
17.Qc2b1 Nd4xf3
18.Bd2c3 Qe7h4
19.Bf1g2 Qh4xf2
20.Bg2xf3 Qf2xf3
21.Rh1g1 Rh8g8
22.Rd1f1 Qf3e3
23.Bc3d2 Qe3d4
24.Rg1g4 Ke7
25.Rf1e1 Kd7
26.Re1g1 Ke6
27.Rg4xg7 Qd4xg1
{ resign }
0-1

[Event "Tourn. n9927"]
[Site "www.echecsemail.com"]
[Date "2018.08.16"]
[Round "1"]
[White "Fantomas"]
[Black "Apdash"]
[WhiteElo "2140"]
[BlackElo "2150"]
[Result "0-1"]
[Round "1"]
1.e4 c5
2.Ng1f3 d6
3.d4 cxd4
4.Nf3xd4 Ng8f6
5.Nb1c3 a6
6.Bf1e2 g6
7.Bc1e3 Bf8g7
8.Qd1d2 Nb8c6
9.Nd4b3 Bc8e6
10.Nc3d5 Nf6xe4
11.Qd2d3 Be6xd5
{ resign }
0-1

[Event "Fast Game"]
[Site "www.echecsemail.com"]
[Date "2018.08.16"]
[Round "1"]
[White "Apdash"]
[Black "Madz123456"]
[WhiteElo "1950"]
[BlackElo "1949"]
[Result "0-1"]
[Round "1"]
1.e4 Ng8f6
2.e5 Nf6d5
3.d4 d6
4.c4 Nd5b6
5.Ng1f3 dxe5
6.Nf3xe5 g6
7.Nb1c3 Bf8g7
8.f4 O-O
9.Bc1e3 c5
10.d5 Nb8d7
11.Ne5xd7 Bc8xd7
12.Be3xc5 Rf8e8
13.Bf1d3 Ra8c8
14.Bc5xb6 Qd8xb6
15.Qd1d2 e5
16.O-O-O e4
17.Bd3e2 e3
18.Qd2c2 Qb6d6
19.Rd1f1 Bd7f5
20.Be2d3 e2
21.Rf1e1 Bf5xd3
22.Qc2xd3 Qd6xf4
23.Kb1 Re8e3
24.Qd3d2 Bg7xc3
25.bxc3 Rc8xc4
26.Re1xe2 Qf4e4
{ resign }
0-1

[Event "Fast Game"]
[Site "www.echecsemail.com"]
[Date "2018.08.16"]
[Round "1"]
[White "Alekpax"]
[Black "Apdash"]
[WhiteElo "2269"]
[BlackElo "1940"]
[Result "1-0"]
[Round "1"]
1.e4 c5
2.Ng1f3 d6
3.d4 cxd4
4.Nf3xd4 Nb8c6
5.Nb1c3 a6
6.Nd4xc6 bxc6
7.Bf1c4 e6
8.Bc4xe6 Bc8xe6
9.O-O Ng8f6
10.f4 Qd8b6
11.Kh1 Bf8e7
12.b3 d5
13.f5 Be6c8
14.e5 Nf6e4
15.Nc3xe4 dxe4
16.Ra1b1 Qb6a5
17.Qd1g4 Qa5xe5
18.Bc1b2 Qe5c5
19.Rb1e1 Qc5xc2
20.Bb2d4 c5
21.Qg4xg7 Rh8f8
22.Re1c1 Qc2d3
23.Bd4xc5 Be7xc5
24.Rf1d1 Bc5d4
25.Qg7g4 Qd3e3
26.Rd1e1 Bc8b7
27.Re1xe3 Bd4xe3
28.Rc1c7 Ra8b8
29.f6 Bb7c8
30.Rc7xc8 { resign }
1-0

[Event "Tourn. n9928"]
[Site "www.echecsemail.com"]
[Date "2018.08.17"]
[Round "1"]
[White "J1j6"]
[Black "Gilliere"]
[WhiteElo "1910"]
[BlackElo "2040"]
[Result "0-1"]
[Round "1"]
1.c4 e5
2.Nb1c3 d6
3.d4 exd4
4.Qd1xd4 Nb8c6
5.Qd4d1 Ng8f6
6.g3 Bf8e7
7.Bf1g2 Bc8d7
8.e4 Ra8b8
9.f4 Bd7g4
10.Bg2f3 Bg4xf3
11.Ng1xf3 Qd8d7
12.Bc1e3 h6
13.h3 a6
14.a3 b5
15.cxb5 axb5
16.b4 Qd7e6
17.Qd1c2 Qe6c4
18.Nf3d2 Nc6d4
19.Qc2b2 Qc4d3
20.Nc3d1 Nf6xe4
21.Be3xd4 Qd3xg3
22.Nd1f2 Ne4xf2
23.Bd4xf2 Qg3xf4
24.Qb2xg7 Be7f6
25.Qg7g2 Bf6xa1
26.Bf2g3 Qf4e3
27.Kd1 Qe3xa3
28.Qg2e4 Kf8
29.Bg3h4 Rb8e8
30.Qe4d5 Qa3xb4
31.Rh1f1 Rh8h7
32.Qd5d3 Qb4xh4
33.Qd3xh7 Ba1g7
34.Qh7f5 Qh4e7
35.Rf1g1 Qe7f6
36.Qf5g4 Qf6a1
37.Kc2 Qa1a4
{ resign }
0-1

[Event "Match"]
[Site "www.echecsemail.com"]
[Date "2018.08.17"]
[Round "1"]
[White "J1j6"]
[Black "Bjonil60"]
[WhiteElo "1890"]
[BlackElo "1520"]
[Result "1-0"]
[Round "1"]
1.Ng1f3 Nb8c6
2.e4 e5
3.Bf1c4 Qd8e7
4.O-O h6
5.c3 Nc6a5
6.Bc4b5 c6
7.Bb5a4 b5
8.Ba4c2 f6
9.a4 bxa4
10.Bc2xa4 Bc8a6
11.b4 Na5c4
12.d3 Nc4d6
13.Ba4xc6 dxc6
14.Ra1xa6 Qe7b7
15.Ra6a4 Nd6b5
16.c4 Nb5c7
17.Bc1e3 O-O-O
18.Be3xa7 Bf8xb4
19.Qd1b3 Bb4c5
20.Qb3xb7 Kxb7
21.Ba7xc5 Nc7e6
22.Bc5a3 Rd8xd3
23.Nb1d2 Ne6g5
24.Rf1b1 Kc7
25.Ra4a7 Kd8
26.Rb1b8 
1-0

[Event "Match"]
[Site "www.echecsemail.com"]
[Date "2018.08.17"]
[Round "1"]
[White "Gidgud"]
[Black "Micheles"]
[WhiteElo "2360"]
[BlackElo "2540"]
[Result "1/2-1/2"]
[Round "1"]
1.e4 c6
2.Nb1c3 d5
3.Ng1f3 Bc8g4
4.h3 Bg4xf3
5.Qd1xf3 e6
6.exd5 cxd5
7.Bf1b5 Nb8c6
8.O-O Bf8e7
9.d3 Ng8f6
10.Bc1e3 O-O
11.d4 Ra8c8
12.a3 Be7d6
13.Ra1d1 Nc6a5
14.Be3c1 Na5c4
15.Bb5xc4 Rc8xc4
16.Bc1g5 Bd6e7
17.Bg5f4 { draw }
1/2-1/2

[Event "Match"]
[Site "www.echecsemail.com"]
[Date "2018.08.17"]
[Round "1"]
[White "Guidom"]
[Black "J1j6"]
[WhiteElo "2130"]
[BlackElo "1950"]
[Result "1-0"]
[Round "1"]
1.e4 g6
2.d4 b6
3.c3 d5
4.e5 Bf8g7
5.Ng1f3 f6
6.exf6 Ng8xf6
7.Nf3e5 Nf6e4
8.Bf1b5 Kf8
9.Qd1f3 Ne4f6
10.Bc1g5 Qd8d6
11.Nb1d2 a6
12.Bb5d3 c5
13.O-O cxd4
14.cxd4 Qd6b4
15.Nd2b3 a5
16.Ra1c1 Bc8b7
17.Bd3xg6 a4
18.Bg5d2 Qb4b5
19.Bg6d3 Qb5e8
20.Nb3a1 b5
21.Rc1c7 Bb7a6
22.Bd2b4 Kg8
23.Bd3f5 Qe8d8
24.Bf5e6 Kf8
25.Rf1c1 Ke8
26.Rc7xe7 Qd8xe7
27.Bb4xe7 Kxe7
28.Be6xd5 Nf6xd5
29.Qf3f7 Kd8
30.Qf7xd5 { resign }
1-0

[Event "Tourn. n9907"]
[Site "www.echecsemail.com"]
[Date "2018.08.17"]
[Round "1"]
[White "Kuriero"]
[Black "Apdash"]
[WhiteElo "1909"]
[BlackElo "2040"]
[Result "1-0"]
[Round "1"]
1.d4 d5
2.c4 e6
3.Nb1c3 Bf8b4
4.cxd5 exd5
5.a3 Bb4a5
6.Ng1f3 c6
7.Bc1f4 Ng8f6
8.b4 Ba5c7
9.Bf4xc7 Qd8xc7
10.Qd1c2 Bc8e6
11.e3 O-O
12.Bf1d3 h6
13.O-O a5
14.Ra1b1 axb4
15.axb4 b6
16.Rf1c1 Nb8d7
17.Nc3b5 Qc7b8
18.Qc2xc6 Qb8d8
19.Qc6c2 g5
20.Nb5c7 Ra8c8
21.Bd3a6 Rc8b8
22.Nc7xe6 Qd8e7
23.Ne6xf8 Kxf8
24.Qc2f5 Kg7
25.Rc1c7 Qe7d6
26.Rb1c1 b5
27.Rc1c6 Qd6e7
28.Nf3e5 Rb8d8
29.Ba6xb5 Qe7xb4
30.Rc6xf6 Nd7xe5
31.Rc7xf7 Ne5xf7
32.Rf6xf7 Kg8
33.Qf5h7 
1-0

[Event "Tourn. n9837"]
[Site "www.echecsemail.com"]
[Date "2018.08.17"]
[Round "1"]
[White "Bevittsmith"]
[Black "Bigrezi"]
[WhiteElo "2180"]
[BlackElo "2230"]
[Result "0-1"]
[Round "1"]
1.e4 e5
2.Ng1f3 Nb8c6
3.Bf1b5 a6
4.Bb5a4 Ng8f6
5.O-O b5
6.Ba4b3 Bf8d6
7.Rf1e1 O-O
8.c3 Bc8b7
9.d3 Bd6c5
10.Bc1e3 Bc5xe3
11.Re1xe3 d6
12.Nb1d2 Nc6e7
13.Nd2f1 c5
14.Nf1g3 Ne7g6
15.h3 Qd8c7
16.Nf3h2 d5
17.Nh2g4 Nf6xg4
18.Qd1xg4 dxe4
19.dxe4 Ra8d8
20.Ra1d1 Rd8xd1
21.Qg4xd1 Rf8d8
22.Qd1g4 Bb7c8
23.Qg4f3 c4
24.Bb3c2 Ng6f4
25.Ng3h5 Nf4e6
26.Qf3g4 Qc7e7
27.Kh2 g6
{ resign }
0-1

[Event "1/64 Finale"]
[Site "www.chess-mail.com"]
[Date "2018.08.17"]
[Round "1"]
[White "Usmehs"]
[Black "Stepanpech"]
[WhiteElo "1799"]
[BlackElo "2470"]
[Result "0-1"]
[Round "1"]
1.c4 e5
2.Nb1c3 Nb8c6
3.e4 Bf8c5
4.Nc3a4 d6
5.g3 f5
6.d3 Ng8f6
7.Bf1g2 O-O
8.Ng1e2 fxe4
9.dxe4 Nf6g4
10.Na4xc5 Rf8xf2
11.Bg2h3 Rf2xh2
12.Rh1xh2 Ng4xh2
13.Qd1d5 Kh8
14.Bh3xc8 Qd8xc8
15.Nc5d3 Nh2f3
16.Kf2 Qc8g4
17.Qd5f7 Nf3d4
18.Ne2g1 Nd4c2
19.Ra1b1 Qg4xe4
20.Bc1h6 gxh6
21.Qf7f6 Kg8
22.Qf6e6 Kg7
23.Qe6d7 Kh8
24.Qd7e6 Ra8f8
25.Nd3f4 Qe4d4
26.Kg2 Nc2e3
 { time }
0-1

[Event "1/64 Finale"]
[Site "www.chess-mail.com"]
[Date "2018.08.17"]
[Round "1"]
[White "Kuriero"]
[Black "Reignblowcan"]
[WhiteElo "1569"]
[BlackElo "2520"]
[Result "0-1"]
[Round "1"]
1.d4 Ng8f6
2.c4 e6
3.Ng1f3 d5
4.Nb1c3 Bf8b4
5.Qd1a4 Nb8c6
6.a3 Bb4xc3
7.bxc3 O-O
8.Bc1g5 Bc8d7
9.cxd5 exd5
10.Qa4c2 h6
11.Bg5xf6 Qd8xf6
12.e3 Bd7f5
13.Bf1d3 Bf5xd3
14.Qc2xd3 Qf6e6
15.O-O Nc6a5
16.Nf3d2 b6
17.Ra1b1 Ra8c8
18.Nd2b3 Na5c4
19.Nb3d2 Nc4d6
20.Nd2f3 Rf8d8
21.Nf3e5 c5
22.Rf1c1 Rc8c7
23.Qd3d1 Nd6e4
24.Ne5f3 Rd8c8
25.Qd1e1 Qe6d6
26.Rb1a1 f6
27.Nf3d2 Ne4xd2
28.Qe1xd2 cxd4
29.cxd4 Qd6xa3
{ resign }
0-1

[Event "Fast Game"]
[Site "www.echecsemail.com"]
[Date "2018.08.17"]
[Round "1"]
[White "Apdash"]
[Black "Krazy4chess"]
[WhiteElo "1940"]
[BlackElo "1809"]
[Result "0-1"]
[Round "1"]
1.e4 c5
2.Ng1f3 d6
3.d4 cxd4
4.Nf3xd4 Ng8f6
5.Nb1c3 Nb8c6
6.Bf1b5 Bc8d7
7.Bc1g5 e6
8.O-O Bf8e7
9.Bb5xc6 bxc6
10.Qd1d2 h6
11.Bg5h4 O-O
12.Kh1 d5
13.e5 Nf6e4
14.Nc3xe4 Be7xh4
15.Ne4d6 Bh4e7
16.f4 Ra8b8
17.c4 Be7xd6
18.exd6 c5
19.Nd4b3 dxc4
20.Nb3xc5 Bd7b5
21.Rf1d1 Rb8b6
22.a4 Bb5a6
23.Qd2a5 Rb6xd6
24.Rd1xd6 Qd8xa5
25.Nc5xa6 Rf8d8
26.Rd6xd8 Qa5xd8
27.Na6c5 Qd8d4
{ resign }
0-1

[Event "Tourn. n9790"]
[Site "www.chess-mail.com"]
[Date "2018.08.18"]
[Round "1"]
[White "Greghghs"]
[Black "Aniruddhadg"]
[WhiteElo "2510"]
[BlackElo "2520"]
[Result "0-1"]
[Round "1"]
1.e4 c5
2.Ng1f3 d6
3.d4 cxd4
4.Nf3xd4 Ng8f6
5.Nb1c3 a6
6.Bc1e3 e6
7.g4 h5
8.g5 Nf6g4
9.Be3c1 Qd8b6
10.h3 Ng4e5
11.Nd4b3 Nb8d7
12.f4 Ne5c6
13.Qd1e2 g6
14.Bc1e3 Qb6c7
15.O-O-O b5
16.Qe2d2 Bf8e7
17.Kb1 Bc8b7
18.Bf1g2 b4
19.Nc3a4 O-O
20.Qd2f2 a5
21.h4 Rf8b8
22.Rh1e1 Bb7a6
23.Bg2f1 Be7f8
24.Bf1xa6 Ra8xa6
25.Qf2e2 Ra6a8
26.Qe2d3 Nc6e5
27.fxe5 Nd7xe5
28.Qd3e2 Qc7c6
29.Na4b6 Rb8xb6
30.Be3xb6 Qc6xb6
31.Nb3d4 Bf8g7
32.Nd4f3 Qb6c5
33.Qe2e3 Ne5xf3
34.Qe3xf3 Qc5e5
35.Qf3b3 Ra8c8
36.Rd1d3 Rc8c4
37.a4 d5
38.Rd3e3 Rc4xe4
39.Re3xe4 dxe4
40.Re1e2 Qe5f4
41.Qb3e3 Qf4xh4
42.Re2f2 Qh4h1
43.Ka2 Qh1d1
44.Rf2d2 Qd1f1
45.Rd2e2 Qf1f5
46.Kb1 h4
47.Re2e1 h3
{ resign }
0-1

[Event "Tourn. n9909"]
[Site "www.echecsemail.com"]
[Date "2018.08.18"]
[Round "1"]
[White "Cal"]
[Black "Esperanza"]
[WhiteElo "1730"]
[BlackElo "1730"]
[Result "1-0"]
[Round "1"]
1.c4 c5
2.e4 d6
3.h3 Ng8f6
4.Nb1c3 e6
5.d3 Bf8e7
6.Ng1f3 O-O
7.a3 Nb8c6
8.Bf1e2 a6
9.b3 b6
10.O-O  { time }
1-0

[Event "Tourn. n9870"]
[Site "www.echecsemail.com"]
[Date "2018.08.18"]
[Round "1"]
[White "Awfen"]
[Black "Falcoale"]
[WhiteElo "2060"]
[BlackElo "1870"]
[Result "1-0"]
[Round "1"]
1.e4 c5
2.f4 Nb8c6
3.Ng1f3 e6
4.Bf1e2 b6
5.c3 Bc8b7
6.O-O Ng8f6
7.d3 d6
8.Nb1d2 Bf8e7
9.a3 O-O
10.Nf3g5 h6
11.Ng5h3 d5
12.e5 Nf6d7
13.Nd2f3 f6
14.d4 cxd4
15.cxd4 Ra8c8
16.Nf3h4 fxe5
17.Nh4g6 Rf8f7
18.fxe5 Rf7xf1
19.Kxf1 Nd7f8
20.Nh3f4 Be7g5
21.Kg1 Nf8xg6
22.Nf4xg6 Nc6e7
23.Bc1xg5 Rc8c7
24.Ng6xe7 Rc7xe7
25.Be2g4 hxg5
26.Qd1d2 Bb7a6
27.Qd2xg5 Qd8e8
28.b4 Re7f7
29.Bg4h5 Rf7f5
30.Qg5xf5 Qe8e7
31.Qf5g6 Ba6c4
32.Ra1c1 b5
33.Rc1c2 Qe7h4
34.Rc2f2 { resign }
1-0

[Event "Match"]
[Site "www.echecsemail.com"]
[Date "2018.08.18"]
[Round "1"]
[White "Alekpax"]
[Black "Liencam2"]
[WhiteElo "2390"]
[BlackElo "2370"]
[Result "1-0"]
[Round "1"]
1.e4 c5
2.Ng1f3 e6
3.d4 cxd4
4.Nf3xd4 a6
5.Nb1c3 Qd8c7
6.a3 Ng8f6
7.f4 d6
8.Bc1e3 b5
9.g4 Bc8b7
10.Bf1g2 Nb8d7
11.g5 Nf6g8
12.Qd1f3 Ng8e7
13.O-O-O g6
14.Nd4xb5 Qc7c6
15.Nb5xd6 Kd8
16.Nd6xf7 Ke8
17.Nf7d6 Kd8
18.Qf3h3 Bf8g7
19.e5 Qc6xg2
20.Be3b6 Nd7xb6
21.Nd6xb7 Kc7
22.Qh3xg2 { resign }
1-0

[Event "Match"]
[Site "www.echecsemail.com"]
[Date "2018.08.18"]
[Round "1"]
[White "Apdash"]
[Black "Aiko1603"]
[WhiteElo "1990"]
[BlackElo "2110"]
[Result "0-1"]
[Round "1"]
1.e4 c5
2.Ng1f3 Nb8c6
3.d4 cxd4
4.Nf3xd4 g6
5.Bf1c4 Bf8g7
6.c3 d6
7.Qd1f3 Nc6e5
8.Qf3e2 Ng8f6
9.Bc4b3 O-O
10.Bc1f4 Ne5d7
11.Nb1d2 e5
12.Bf4xe5 dxe5
13.Nd4f3 Nd7c5
14.Bb3c2 Bc8g4
15.h3 Bg4xf3
16.Qe2xf3 Nc5e6
17.O-O-O Qd8a5
18.Kb1 b5
19.Nd2b3 Qa5b6
20.g4 a5
21.h4 a4
22.Nb3c1 b4
23.cxb4 Qb6xb4
24.a3 Qb4b6
25.Nc1a2 Ne6d4
26.Qf3g2 Nd4xc2
27.Kxc2 Qb6b3
28.Kb1 Ra8b8
29.Na2b4 Rb8xb4
30.axb4 a3
31.Qg2h3 Qb3xb2
{ resign }
0-1

[Event "Tourn. n9883"]
[Site "www.echecsemail.com"]
[Date "2018.08.18"]
[Round "1"]
[White "Rons"]
[Black "Obisporey"]
[WhiteElo "2640"]
[BlackElo "2590"]
[Result "1-0"]
[Round "1"]
1.e4 c6
2.d4 d5
3.e5 Bc8f5
4.Ng1f3 e6
5.Bf1e2 Nb8d7
6.O-O Ng8e7
7.h4 Bf5g4
8.c3 Ne7f5
9.g3 Bf8e7
10.a4 c5
11.Nb1a3 O-O
12.Na3c2 Ra8c8
13.Nc2e3 Nf5xe3
14.Bc1xe3 cxd4
15.Be3xd4 Qd8c7
16.Rf1e1 Nd7c5
17.Nf3d2 Bg4f5
18.Be2f1 Nc5d3
19.g4 Bf5g6
20.h5 Nd3xb2
21.Qd1f3 Bg6c2
22.Ra1a2 Be7g5
23.Ra2xb2 Bg5xd2
24.Rb2xc2 Bd2xe1
25.Qf3e3 Be1xc3
26.Rc2xc3 Qc7a5
27.Rc3a3 Qa5b4
28.a5 Rc8c7
29.Ra3b3 Qb4a4
30.h6 gxh6
31.Kg2 Kg7
32.Bf1b5 Qa4xa5
33.Qe3f4 Qa5e1
34.Rb3e3 Qe1b4
35.Re3h3 Kg8
36.Bb5d3 f6
37.exf6 Rf8f7
38.g5 Qb4f8
39.Rh3xh6 { resign }
1-0

[Event "1/128 Finale"]
[Site "www.chess-mail.com"]
[Date "2018.08.18"]
[Round "1"]
[White "Vasylpuzanov"]
[Black "Grischuk2789"]
[WhiteElo "1350"]
[BlackElo "2430"]
[Result "0-1"]
[Round "1"]
1.e4 c5
2.Ng1f3 Ng8f6
3.e5 Nf6d5
4.d4 cxd4
5.Qd1xd4 e6
6.c4 Nb8c6
7.Qd4d1 Nd5e7
 { time }
0-1

[Event "Fast Game"]
[Site "www.echecsemail.com"]
[Date "2018.08.18"]
[Round "1"]
[White "Stevep84"]
[Black "Alekpax"]
[WhiteElo "2030"]
[BlackElo "2300"]
[Result "0-1"]
[Round "1"]
1.e4 e5
2.Ng1f3 Nb8c6
3.Bf1b5 Ng8f6
4.O-O Nf6xe4
5.d4 Ne4d6
6.Bb5xc6 dxc6
7.dxe5 Nd6f5
8.Qd1xd8 Kxd8
9.Nb1c3 Bf8e7
10.Rf1d1 Ke8
11.b3 Bc8e6
12.Bc1b2 Ra8d8
13.Nc3e4 Be6d5
14.Nf3d2 c5
15.c4 Bd5c6
16.f4 Nf5e3
17.Ne4f6 gxf6
18.exf6 Ne3xd1
19.fxe7 Rd8xd2
20.Bb2xh8 Rd2xg2
21.Kf1 Nd1e3
{ resign }
0-1

[Event "Match"]
[Site "www.echecsemail.com"]
[Date "2018.08.19"]
[Round "1"]
[White "Geodad5"]
[Black "Alekpax"]
[WhiteElo "2160"]
[BlackElo "2400"]
[Result "0-1"]
[Round "1"]
1.e4 e5
2.Ng1f3 Nb8c6
3.d4 exd4
4.Nf3xd4 Ng8f6
5.Bf1d3 Nc6xd4
6.O-O d5
7.exd5 Nf6xd5
8.c3 Nd4e6
9.Rf1e1 c6
10.Nb1d2 Bf8c5
11.Nd2e4 Bc5e7
12.Bc1d2 O-O
13.Ra1c1 f5
14.Ne4g3 f4
15.Ng3f1 Be7c5
16.Bd3b1 Qd8h4
17.Re1e2 f3
18.gxf3 Nd5f4
19.Bd2xf4 Ne6xf4
20.Nf1g3 Nf4h3
21.Kf1 Nh3g5
22.Bb1e4 Qh4xh2
{ resign }
0-1

[Event "Tourn. n9902"]
[Site "www.echecsemail.com"]
[Date "2018.08.19"]
[Round "1"]
[White "Joskomol"]
[Black "Grischuk2789"]
[WhiteElo "2200"]
[BlackElo "2440"]
[Result "0-1"]
[Round "1"]
1.e4 e5
2.d4 exd4
3.Qd1xd4 Nb8c6
4.Qd4e3 Ng8f6
5.Ng1f3 Bf8b4
6.c3 Bb4a5
7.Bf1c4 O-O
8.O-O Rf8e8
9.Bc4d3 d5
10.e5 Nf6g4
11.Qe3g5 Qd8xg5
12.Nf3xg5 g6
13.e6 f6
14.Ng5f3 Bc8xe6
15.b4 Ba5b6
16.Nb1d2 a5
17.b5 Nc6e5
18.Bd3c2 a4
19.h3 Ne5xf3
20.Nd2xf3 Ng4e5
21.Nf3xe5 fxe5
22.Bc1a3 Be6f5
23.Bc2xf5 gxf5
24.Rf1e1 d4
25.cxd4 exd4
26.Ra1d1 Re8xe1
27.Rd1xe1 d3
28.Re1d1 Ra8d8
29.Kf1 Bb6a5
30.f4 Rd8d5
31.Ba3b2 Rd5xb5
32.a3 Rb5xb2
33.Rd1xd3 b5
34.Rd3d5 Rb2b3
35.Rd5c5 Ba5b6
36.Rc5xf5 b4
37.axb4 a3
38.Rf5g5 Kf7
39.Rg5h5 a2
40.Rh5xh7 Kg6
41.Rh7d7 a1Q
{ resign }
0-1

[Event "Match"]
[Site "www.echecsemail.com"]
[Date "2018.08.19"]
[Round "1"]
[White "Chapi"]
[Black "Apdash"]
[WhiteElo "2120"]
[BlackElo "2170"]
[Result "1-0"]
[Round "1"]
1.d4 d5
2.c4 e6
3.cxd5 exd5
4.Nb1c3 Bf8b4
5.Bc1d2 Ng8f6
6.Ng1f3 Nb8c6
7.g3 O-O
8.Bf1g2 Bc8g4
9.O-O Bg4xf3
10.Bg2xf3 Nc6xd4
11.Bf3xd5 c6
12.Bd5g2 Rf8e8
13.e3 Nd4e6
14.a3 Bb4a5
15.b4 Ba5b6
16.Nc3e4 Nf6xe4
17.Bg2xe4 Ne6g5
18.Be4g2 Qd8f6
19.h4 Ng5e4
20.Ra1a2 Ra8d8
21.Bg2xe4 Re8xe4
22.Qd1c2 Qf6f3
23.Bd2c3 Rd8d6
24.Qc2e2 Qf3f5
25.Kg2 Bb6c7
26.Qe2f3 Qf5g6
27.h5 Qg6e6
28.Ra2d2 Rd6xd2
29.Bc3xd2 Re4e5
30.Rf1h1 Re5f5
31.Qf3e2 Qe6d5
32.Kg1 Qd5a2
33.Qe2g4 g6
34.e4 Rf5xf2
35.Kxf2 Qa2xd2
36.Kf3 Bc7b6
37.Qg4f4 Qd2f2
38.Kg4 f5
39.exf5 gxf5
40.Qf4xf5 Qf2e2
41.Kh3 Bb6f2
42.Rh1h2 { resign }
1-0

[Event "Tourn. n9909"]
[Site "www.echecsemail.com"]
[Date "2018.08.19"]
[Round "1"]
[White "Deneb"]
[Black "Esperanza"]
[WhiteElo "1600"]
[BlackElo "1730"]
[Result "1-0"]
[Round "1"]
1.e4 c5
2.Ng1f3 d6
3.d4 cxd4
4.Nf3xd4 Ng8f6
5.Nb1c3 e6
6.g4 h6
7.h4 Nb8c6
8.Rh1g1 d5
9.exd5  { time }
1-0

[Event "Tourn. n9875"]
[Site "www.echecsemail.com"]
[Date "2018.08.19"]
[Round "1"]
[White "Gandalf50"]
[Black "Osopanda"]
[WhiteElo "1980"]
[BlackElo "1870"]
[Result "1-0"]
[Round "1"]
1.c4 Ng8f6
2.Nb1c3 c6
3.e4 d6
4.d4 Nb8d7
5.f4 e5
6.fxe5 dxe5
7.d5 cxd5
8.cxd5 Bf8b4
9.Bf1d3 O-O
10.Ng1f3 Qd8e7
11.O-O Nd7c5
12.Bc1g5 Bc8g4
13.Qd1e2 Nc5xd3
14.Qe2xd3 Rf8d8
15.Kh1 Bg4h5
16.a3 Bb4a5
17.b4 Ba5b6
18.Ra1c1 a6
19.Nf3h4 h6
20.Nh4f5 Qe7d7
21.Bg5xf6 gxf6
22.Nf5xh6 Kg7
23.Nh6f5 Kh7
24.Qd3h3 Kg6
25.Rf1f3 Bh5xf3
26.Qh3h6 { resign }
1-0

[Event "Match"]
[Site "www.echecsemail.com"]
[Date "2018.08.19"]
[Round "1"]
[White "Krystek23"]
[Black "Apdash"]
[WhiteElo "2500"]
[BlackElo "1950"]
[Result "1-0"]
[Round "1"]
1.c4 e5
2.Nb1c3 Ng8f6
3.g3 d5
4.cxd5 Nf6xd5
5.Bf1g2 c6
6.e4 Nd5xc3
7.bxc3 Bf8c5
8.Ng1f3 Bc8g4
9.O-O O-O
10.Qd1b3 Qd8c7
11.Nf3xe5 Qc7xe5
12.d4 Bc5xd4
13.cxd4 Qe5xd4
14.Bc1b2 Qd4d7
15.Qb3c3 f6
16.f4 Nb8a6
17.f5 Ra8d8
18.e5 Bg4xf5
19.exf6 Rf8xf6
20.g4 Rd8f8
21.Ra1d1 Qd7c7
22.gxf5 Rf6xf5
23.Rf1xf5 Rf8xf5
24.Rd1d8 Rf5f8
25.Qc3c4 Qc7f7
26.Rd8d7 Qf7xc4
27.Rd7xg7 Kh8
28.Rg7g4 { resign }
1-0

[Event "Tourn. n9890"]
[Site "www.echecsemail.com"]
[Date "2018.08.19"]
[Round "1"]
[White "Falcoale"]
[Black "Apdash"]
[WhiteElo "1920"]
[BlackElo "1870"]
[Result "0-1"]
[Round "1"]
1.e4 c5
2.Nb1c3 e6
3.d4 cxd4
4.Qd1xd4 Nb8c6
5.Qd4d1 Bf8b4
6.Bc1d2 Ng8f6
7.Bf1d3 d5
8.exd5 Nf6xd5
9.Ng1f3 Nd5xc3
10.bxc3 Bb4c5
11.O-O Qd8c7
12.Nf3g5 h6
13.Ng5e4 Bc5b6
14.Bd3b5 Bc8d7
15.Bd2e3 Bb6xe3
16.fxe3 O-O
17.Qd1g4 Nc6e5
18.Qg4g3 Bd7xb5
19.Ne4f6 Kh8
20.Nf6h5 f6
21.Rf1e1 Qc7f7
22.Nh5f4 g5
23.Nf4e2 Bb5xe2
24.Re1xe2 Ra8c8
25.Ra1f1 Rc8xc3
26.Re2f2 Ne5d7
27.Rf1d1 Nd7c5
28.Rf2d2 Nc5e4
{ resign }
0-1

[Event "Match"]
[Site "www.echecsemail.com"]
[Date "2018.08.19"]
[Round "1"]
[White "Add"]
[Black "Alessiov"]
[WhiteElo "2240"]
[BlackElo "2260"]
[Result "0-1"]
[Round "1"]
1.e4 e5
2.Ng1f3 Nb8c6
3.d4 exd4
4.Nf3xd4 Ng8f6
5.Nd4xc6 bxc6
6.Bf1d3 d5
7.e5 Nf6g4
8.Qd1e2 Bf8c5
9.Bc1e3 Ng4xe3
10.fxe3 Qd8g5
11.O-O Qg5xe5
12.c3 Ra8b8
13.Rf1e1 Bc5d6
14.g3 h5
15.Nb1d2 Rb8xb2
16.Re1c1 h4
17.Rc1c2 Rb2xc2
18.Bd3xc2 hxg3
{ resign }
0-1